01170 2200265 4500001002100000005001500021035002000036008004100056020001800097041000800115082001200123084001800135100002200153245008900175260003900264300002700303500002000330520040900350650002700759650002500786650002500811700001600836990002600852990002600878INLIS00000000000432420221112013004 a0010-0520004324221112 | | eng  a0-314-04018-8 aeng a808.066 a808.066 STA c0 aStasky, William P1 aCase Analysis and Fundamentals of Legal Writing /cWilliam P. Stasky and John Wernet aNew York :bWest Publishing,c1995 axiii, 465 p. ;c26 cm. aIndeks : Indeks aThis book informs how to improve the skills of reading and applying court opinions. This book try to make the reader how understand the court came its conclusions so that we can predict how these conclusions can be applied to future cases. This book will give us the skills at three levels: briefing a case, applying case law in an interoffice memorandum of law, and using case law in an advocacy letter. 4a1. Legal Research - US 4a2. Legal Composition 4a3. Judicial Opinions0 aJohn Wernet a07350/MKRI-P/XII-2007 a07350/MKRI-P/XII-2007